000 00354nam a22001337a 4500
082 _a346.04
_bSHA
100 _aShaheen, Muhammad Saleem
245 _aAlternate Dispute Resolution (ADR)/
_cMuhammad Saleem Shaheen
260 _aLahore:
_bMansoor Law Book house.
300 _a280p. ;
563 _aHB
650 _aLaw
_935302
942 _2ddc
_cBK
999 _c612997
_d612997